[Event "ACL-A044"]
[Site "www.playchess.de"]
[Date "2001.02.19"]
[Round "9"]
[White "traga"]
[Black "locko"]
[WhiteElo "1500"]
[BlackElo "1299"]
[PlyCount "51"]
[Result "1-0"]

1.e4 e5 2.Nf3 Nc6 3.Nc3 a5 4.a3 f6 5.d4 d6 6.Bb5 
d5 7.exd5 Bd7 8.dxc6 bxc6 9.Ba4 c5 10.Bxd7+ Qxd7 
11.dxe5 Qxd1+ 12.Kxd1 Rd8+ 13.Bd2 fxe5 14.Nxe5 Bd6 
15.Re1 Ne7 16.Nc6 Kd7 17.Nxd8 Rxd8 18.Ne4 Rf8 
19.Bxa5 Rf4 20.a4 Rf5 21.Bc3 Rd5+ 22.Bd2 Be5 23.c4 
Rd4 24.Nxc5+ Kc6 25.Rxe5 Kd6 26.Re4 1-0

[Event "ACL-A044"]
[Site "www.playchess.de"]
[Date "2001.02.19"]
[Round "10"]
[White "dakini"]
[Black "traga"]
[WhiteElo "1500"]
[BlackElo "1500"]
[PlyCount "58"]
[Result "0-1"]

1.e4 e5 2.Nf3 Nf6 3.d4 Nxe4 4.Qe2 d5 5.Nxe5 Be7 
6.Nd2 Nf6 7.Ndf3 O-O 8.Bf4 Ne4 9.c3 Re8 10.g3 Bd6 
11.h4 f6 12.h5 c5 13.h6 cxd4 14.c4 Qa5+ 15.Nd2 
fxe5 16.f3 exf4 17.O-O-O Be5 18.fxe4 Qxa2 19.Qh5 
g6 20.Qg5 d3 21.Qxe5 Qa1+ 22.Nb1 Rxe5 23.Bxd3 dxe4 
24.gxf4 exd3 25.fxe5 Bf5 26.Rhe1 Nc6 27.e6 Rd8 
28.e7 d2+ 29.Rxd2 Qxb1+ 0-1

[Event "ACL-A044"]
[Site "www.playchess.de"]
[Date "2001.02.19"]
[Round "11"]
[White "chrisg"]
[Black "Schwachspieler"]
[WhiteElo "1738"]
[BlackElo "1500"]
[PlyCount "61"]
[Result "1/2-1/2"]

1.e4 e5 2.Nf3 Nf6 3.Nc3 Nc6 4.d4 exd4 5.Nxd4 Bb4 
6.Nxc6 bxc6 7.Bd3 Bxc3+ 8.bxc3 Rb8 9.Be3 a5 10.e5 
Nd5 11.Qg4 Nxe3 12.Qxg7 Nxg2+ 13.Kf1 Ne3+ 14.Ke2 
Rf8 15.Kxe3 Qe7 16.Rab1 Rb6 17.f4 Qc5+ 18.Ke2 d6 
19.exd6 Qh5+ 20.Ke3 Rxb1 21.Rxb1 cxd6 22.Qxh7 Qc5+ 
23.Kf3 Qxc3 24.Qh6 d5 25.Qd6 Rh8 26.Qc7 Bg4+ 
27.Kg3 Bd7 28.f5 Qg7+ 29.Kf2 Qd4+ 30.Kf1 Rh4 
31.Re1+ 1/2-1/2

[Event "ACL-A044"]
[Site "www.playchess.de"]
[Date "2001.02.19"]
[Round "12"]
[White "Schwachspieler"]
[Black "Ochiroo"]
[WhiteElo "1500"]
[BlackElo "1500"]
[PlyCount "59"]
[Result "1/2-1/2"]

1.d4 d5 2.Nf3 Nf6 3.e3 c6 4.Bd3 Qc7 5.O-O Bg4 
6.Nbd2 e6 7.b3 Bd6 8.h3 h5 9.Bb2 Nbd7 10.Re1 e5 
11.e4 O-O-O 12.exd5 Nxd5 13.hxg4 hxg4 14.Nxe5 g3 
15.f4 Nxf4 16.Nxf7 Rh2 17.Be4 Nf6 18.Nxd8 Qxd8 
19.Bf5+ Kc7 20.Qf3 Rxg2+ 21.Qxg2 Nxg2 22.Kxg2 Nd5 
23.Nf3 Nf4+ 24.Kxg3 Nd3+ 25.Kg2 Nxb2 26.Re2 Qf6 
27.Be4 Qf4 28.Rg1 g5 29.c4 Nd3 
30.c5 1/2-1/2

[Event "ACL-A044"]
[Site "www.playchess.de"]
[Date "2001.02.19"]
[Round "13"]
[White "locko"]
[Black "Schwachspieler"]
[WhiteElo "1299"]
[BlackElo "1500"]
[PlyCount "47"]
[Result "1-0"]

1.g3 d5 2.d4 Nf6 3.Nf3 Bg4 4.h3 Bxf3 5.exf3 e6 
6.g4 Bd6 7.f4 O-O 8.g5 Nfd7 9.Bd3 c5 10.Be3 cxd4 
11.Bxd4 Bxf4 12.Qf3 Bxg5 13.h4 Bh6 14.Qg3 Nc6 
15.Be3 Bxe3 16.fxe3 Qb6 17.Rg1 Qxb2 18.c3 g6 19.h5 
Nce5 20.hxg6 Nxd3+ 21.Kd1 Nf2+ 22.Ke1 fxg6 23.Nd2 
Qxa1+ 24.Ke2 1-0

[Event "ACL-A044"]
[Site "www.playchess.de"]
[Date "2001.02.19"]
[Round "14"]
[White "Schwachspieler"]
[Black "dakini"]
[WhiteElo "1500"]
[BlackElo "1500"]
[PlyCount "134"]
[Result "1/2-1/2"]

1.e4 e5 2.Nf3 Nc6 3.Bb5 Nf6 4.O-O Bc5 5.Nc3 O-O 
6.d3 d6 7.Bg5 h6 8.Bxf6 Qxf6 9.Nd5 Qd8 10.c3 a6 
11.Bxc6 bxc6 12.Ne3 Bb6 13.d4 exd4 14.cxd4 Re8 
15.Qd3 Qe7 16.Nd2 Qf6 17.Rac1 Bb7 18.Nf3 c5 19.Nd5 
Qe6 20.dxc5 dxc5 21.Rfe1 Rad8 22.Qc4 Ba5 23.Re3 
Rd6 24.Rd1 Red8 25.Red3 Bc6 26.Qxa6 Ba4 27.Nf6+ 
Qxf6 28.R3xd6 Rxd6 29.Qa8+ Kh7 30.Rxd6 cxd6 31.e5 
Qg6 32.Qxa5 dxe5 33.h3 Bc6 34.Ne1 Qe4 35.Qc3 Kg6 
36.Qc2 Kf5 37.b3 Ke6 38.Qxe4 Bxe4 39.f3 Bb1 40.a4 
Kd6 41.Kf2 Ba2 42.a5 Bxb3 43.a6 Kc7 44.Nd3 Kb6 
45.Ke3 f6 46.h4 Bd5 47.a7 h5 48.Kd2 Kxa7 49.Nxc5 
Kb6 50.Na4+ Kb5 51.Nc3+ Kc4 52.Ne2 f5 53.Ng3 g6 
54.Ne2 f4 55.Ke1 Kd3 56.Kf2 Bb3 57.g3 Bd1 58.Nc1+ 
Kd2 59.gxf4 exf4 60.Na2 Kd3 61.Nb4+ Kd4 62.Nc6+ 
Kc5 63.Ne5 Bc2 64.Nf7 Kd5 65.Ng5 Ke5 66.Ke2 Kf5 
67.Kd2 Bb3 1/2-1/2

[Event "ACL-A044"]
[Site "www.playchess.de"]
[Date "2001.02.19"]
[Round "15"]
[White "traga"]
[Black "Schwachspieler"]
[WhiteElo "1500"]
[BlackElo "1500"]
[PlyCount "77"]
[Result "1/2-1/2"]

1.e4 e5 2.Nf3 Nf6 3.Nxe5 d6 4.Nf3 Nxe4 5.Qe2 Qe7 
6.d3 Nf6 7.Bg5 Qxe2+ 8.Bxe2 Be7 9.d4 O-O 10.O-O 
Re8 11.Re1 Bg4 12.h3 Be6 13.Nc3 Nbd7 14.Nb5 Bd8 
15.c4 a6 16.Nc3 c6 17.d5 cxd5 18.cxd5 Nxd5 19.Bd2 
Nxc3 20.Bxc3 Bf6 21.Rad1 Bxa2 22.Rxd6 Bxc3 23.bxc3 
Ne5 24.Nxe5 Rxe5 25.f4 Re3 26.Kf2 Rxc3 27.Bf3 Rb8 
28.Bxb7 a5 29.Ra6 h5 30.Re7 Kf8 31.Re5 Rc2+ 32.Kg1 
Bc4 33.Ra7 Rb2 34.Be4 g6 35.Rexa5 R8b5 36.Rxb5 
Rxb5 37.Kf2 h4 38.Ke3 Rb2 39.Bf3 1/2-1/2

[Event "ACL-A044"]
[Site "www.playchess.de"]
[Date "2001.02.19"]
[Round "22"]
[White "chrisg"]
[Black "player27"]
[WhiteElo "1738"]
[BlackElo "1557"]
[PlyCount "53"]
[Result "1/2-1/2"]

1.e4 e5 2.Nf3 Nc6 3.Bc4 Nf6 4.d3 Be7 5.O-O O-O 
6.c3 d6 7.h3 Na5 8.Bb5 a6 9.Ba4 b5 10.Bc2 c5 
11.Re1 Bb7 12.Nbd2 Re8 13.Nf1 h6 14.Ng3 Bf8 15.Nh2 
d5 16.Ng4 Nxg4 17.Qxg4 Bc8 18.Nf5 Qf6 19.Qf3 Bxf5 
20.Qxf5 Qxf5 21.exf5 f6 22.Bd2 Rac8 23.c4 Nc6 
24.cxd5 Nd4 25.Bd1 Red8 26.Rc1 Rxd5 
27.Bg4 1/2-1/2

[Event "ACL-A044"]
[Site "www.playchess.de"]
[Date "2001.02.19"]
[Round "24"]
[White "locko"]
[Black "player27"]
[WhiteElo "1299"]
[BlackElo "1557"]
[PlyCount "48"]
[Result "0-1"]

1.g3 Nf6 2.Nf3 c5 3.d4 cxd4 4.Nxd4 e5 5.Nf5 d5 
6.e3 Bxf5 7.b3 Nbd7 8.Nc3 Bb4 9.Bd2 Bxc3 10.Bxc3 
Rc8 11.Qd2 Ne4 12.Qxd5 Nxc3 13.Qc4 Rxc4 14.Bxc4 
Qa5 15.O-O Bh3 16.a3 b5 17.Bd3 e4 18.b4 Qc7 
19.Rae1 exd3 20.cxd3 O-O 21.e4 f5 22.f4 Qb6+ 
23.Rf2 Rc8 24.Rc1 Ne2+ 0-1

[Event "ACL-A044"]
[Site "www.playchess.de"]
[Date "2001.02.19"]
[Round "25"]
[White "player27"]
[Black "dakini"]
[WhiteElo "1557"]
[BlackElo "1500"]
[PlyCount "67"]
[Result "1-0"]

1.e4 e5 2.Nf3 Nc6 3.Bb5 Nf6 4.O-O Bc5 5.c3 Bb6 
6.d4 O-O 7.Bg5 exd4 8.e5 h6 9.Bh4 g5 10.Bxc6 dxc6 
11.Nxg5 dxc3 12.Qxd8 Rxd8 13.Nxc3 Nd5 14.Nxf7 Rf8 
15.Nxh6+ Kh7 16.Bg5 Be6 17.Ne4 Kg6 18.Bd2 Bd4 
19.Ng5 Rae8 20.Rae1 Nf4 21.Re4 Kxg5 22.Rxd4 Bxa2 
23.h4+ Kxh6 24.Rxf4 Rxf4 25.Bxf4+ Kh5 26.Ra1 Rf8 
27.g3 Bc4 28.Kg2 a6 29.Kf3 b6 30.g4+ Kg6 31.Kg3 
Rd8 32.f3 Rd2 33.h5+ Kf7 34.Bxd2 1-0

[Event "ACL-A044"]
[Site "www.playchess.de"]
[Date "2001.02.19"]
[Round "27"]
[White "player27"]
[Black "Schwachspieler"]
[WhiteElo "1557"]
[BlackElo "1500"]
[PlyCount "68"]
[Result "0-1"]

1.e4 e5 2.Nf3 Nf6 3.d4 Nxe4 4.Bd3 d5 5.Nxe5 Nd7 
6.Nxf7 Kxf7 7.Qh5+ Ke7 8.Qe2 Kf6 9.Qf3+ Ke7 
10.Bxe4 dxe4 11.Qxe4+ Kf7 12.Qd5+ Kg6 13.h4 Qe7+ 
14.Kf1 h5 15.g4 Nf6 16.gxh5+ Rxh5 17.Qg2+ Kh7 
18.Nd2 c5 19.Nf3 Bf5 20.dxc5 Bxc2 21.Ng5+ Kg8 
22.Be3 Rd8 23.Kg1 Be4 24.Nxe4 Nxe4 25.Qg6 Rxh4 
26.Rxh4 Qxh4 27.Kg2 Nf6 28.Rh1 Qg4+ 29.Qxg4 Nxg4 
30.Rc1 Nxe3+ 31.fxe3 Rd2+ 32.Kf3 Rxb2 33.a4 a5 
34.Rc4 Rb4 0-1

[Event "ACL-A044"]
[Site "www.playchess.de"]
[Date "2001.02.19"]
[Round "30"]
[White "Ochiroo"]
[Black "Hermi"]
[WhiteElo "1500"]
[BlackElo "1500"]
[PlyCount "36"]
[Result "0-1"]

1.e4 c6 2.d4 d5 3.e5 Bf5 4.h4 h5 5.c4 e6 6.Bg5 Be7 
7.Qd2 Bxb1 8.Rxb1 dxc4 9.Bxc4 Bxg5 10.Qxg5 Qxd4 
11.Rd1 Qe4+ 12.Ne2 Ne7 13.Qd2 O-O 14.Qd8 Nd5 
15.Bxd5 Qb4+ 16.Nc3 Rxd8 17.Bb3 Rxd1+ 18.Kxd1 
Qg4+ 0-1

[Event "ACL-A044"]
[Site "www.playchess.de"]
[Date "2001.02.19"]
[Round "31"]
[White "Hermi"]
[Black "locko"]
[WhiteElo "1500"]
[BlackElo "1299"]
[PlyCount "31"]
[Result "1-0"]

1.d4 d5 2.c4 dxc4 3.e4 b6 4.Bxc4 Nf6 5.e5 Ng8 
6.Qf3 Qd7 7.Qxf7+ Kd8 8.Qxf8+ Qe8 9.Qxg7 Nf6 
10.exf6 exf6+ 11.Ne2 Rg8 12.Bxg8 Be6 13.Qxf6+ Kc8 
14.Qxe6+ Qxe6 15.Bxe6+ Kd8 16.Bg5+ 1-0

[Event "ACL-A044"]
[Site "www.playchess.de"]
[Date "2001.02.19"]
[Round "32"]
[White "dakini"]
[Black "Hermi"]
[WhiteElo "1500"]
[BlackElo "1500"]
[PlyCount "60"]
[Result "0-1"]

1.d4 Nf6 2.Nc3 d5 3.Bg5 Nbd7 4.e3 e6 5.Nf3 Be7 
6.Bd3 c5 7.O-O O-O 8.Re1 h6 9.Bh4 c4 10.Be2 Bb4 
11.Bxf6 Nxf6 12.Ne5 Bxc3 13.bxc3 Qa5 14.Qd2 Ne4 
15.Qc1 Nxc3 16.Kh1 Rd8 17.f4 Bd7 18.a3 Be8 19.Qb2 
f6 20.Qxb7 fxe5 21.fxe5 Nxe2 22.Rxe2 Bg6 23.Qe7 
Rde8 24.Qb4 Qc7 25.Rf2 Ref8 26.Rf4 Rxf4 27.exf4 
Bxc2 28.Ra2 Rb8 29.Qc3 Rb1+ 30.Qe1 
Rxe1+ 0-1

[Event "ACL-A044"]
[Site "www.playchess.de"]
[Date "2001.02.19"]
[Round "34"]
[White "Schwachspieler"]
[Black "Hermi"]
[WhiteElo "1500"]
[BlackElo "1500"]
[PlyCount "88"]
[Result "0-1"]

1.e4 c6 2.Nf3 d5 3.Nc3 Bg4 4.h3 Bh5 5.g4 dxe4 
6.Nxe4 Bg6 7.Bd3 Nd7 8.b3 Ngf6 9.Qe2 Nxe4 10.Bxe4 
Nf6 11.Bxg6 hxg6 12.g5 Nd5 13.Qe4 e6 14.Bb2 Nb4 
15.h4 Qd5 16.Qxd5 cxd5 17.Kd1 Nc6 18.a3 O-O-O 
19.Nd4 Kd7 20.Nxc6 Kxc6 21.Bd4 Rh7 22.a4 Be7 23.f4 
Bc5 24.Bxc5 Kxc5 25.b4+ Kd6 26.Ra3 Rc8 27.Rc3 Rxc3 
28.dxc3 Rh8 29.Kd2 Rc8 30.h5 gxh5 31.Rxh5 Ke7 
32.a5 g6 33.Rh1 Rc4 34.a6 bxa6 35.Ra1 Rc6 36.Kd3 
Kd7 37.Rh1 Rc4 38.Ra1 Kc6 39.f5 gxf5 40.Rxa6+ Kb7 
41.Rd6 Rc6 42.Rd7+ Rc7 43.Rd6 f4 44.g6 
fxg6 0-1

[Event "HCL-B101"]
[Site "www.playchess.de"]
[Date "2001.02.19"]
[Round "1"]
[White "JABBERWOCKY"]
[Black "jack-up"]
[WhiteElo "1346"]
[BlackElo "1424"]
[PlyCount "26"]
[Result "0-1"]

1.e4 c5 2.c3 g6 3.Bc4 Bg7 4.Nf3 d6 5.Qb3 e6 6.O-O 
Nf6 7.d3 a6 8.d4 b5 9.Bd3 c4 10.Bxc4 bxc4 11.Qxc4 
Nxe4 12.Bf4 Bd7 13.Re1 d5 0-1

[Event "HCL-B101"]
[Site "www.playchess.de"]
[Date "2001.02.19"]
[Round "2"]
[White "lostpawn2000"]
[Black "JABBERWOCKY"]
[WhiteElo "1704"]
[BlackElo "1346"]
[PlyCount "27"]
[Result "1-0"]

1.d4 d5 2.Bg5 h6 3.Bh4 g5 4.Bg3 Nd7 5.Nc3 Ngf6 
6.Nb5 c6 7.Bc7 cxb5 8.Bxd8 Kxd8 9.Nf3 Ne4 10.e3 a6 
11.Bd3 Ndf6 12.Bxe4 Nxe4 13.Ne5 Bg7 
14.Nxf7+ 1-0

[Event "HCL-B101"]
[Site "www.playchess.de"]
[Date "2001.02.19"]
[Round "4"]
[White "JABBERWOCKY"]
[Black "wiseguy"]
[WhiteElo "1346"]
[BlackElo "1964"]
[PlyCount "40"]
[Result "0-1"]

1.e4 c5 2.c3 Nf6 3.d3 d6 4.Nd2 g6 5.Ngf3 Bg7 6.Nc4 
b5 7.Ne3 O-O 8.Be2 Bb7 9.Nd2 Nc6 10.O-O d5 11.Qb3 
d4 12.Nd5 a6 13.Nf3 Nxd5 14.exd5 Na5 15.Qc2 Bxd5 
16.b4 Nc6 17.bxc5 dxc3 18.Rb1 Bxf3 19.Bxf3 Nd4 
20.Qd1 c2 0-1

[Event "HCL-B101"]
[Site "www.playchess.de"]
[Date "2001.02.19"]
[Round "11"]
[White "JABBERWOCKY"]
[Black "King_Safety"]
[WhiteElo "1346"]
[BlackElo "1295"]
[PlyCount "35"]
[Result "1-0"]

1.e4 c6 2.d4 d5 3.e5 Bf5 4.Bd3 Bxd3 5.Qxd3 e6 
6.Nf3 Qa5+ 7.c3 Qa6 8.Qe3 Nh6 9.Nbd2 Be7 10.Nb3 
Nf5 11.Qf4 Nd7 12.Ng5 Bxg5 13.Qxg5 f6 14.exf6 gxf6 
15.Qh5+ Kd8 16.Qf7 Qd3 17.Nc5 Nh6 
18.Qxd7+ 1-0

[Event "HCL-B101"]
[Site "www.playchess.de"]
[Date "2001.02.19"]
[Round "12"]
[White "King_Safety"]
[Black "jack-up"]
[WhiteElo "1295"]
[BlackElo "1424"]
[PlyCount "42"]
[Result "0-1"]

1.d4 d6 2.Nf3 g6 3.Bf4 Bf5 4.e3 Nf6 5.Nbd2 Nc6 
6.c3 Bg7 7.Be2 Qd7 8.O-O h6 9.Nc4 Ne4 10.Bd3 e5 
11.dxe5 dxe5 12.Bg3 Nxg3 13.fxg3 Bxd3 14.Re1 e4 
15.Nce5 Bxe5 16.Qb3 exf3 17.gxf3 h5 18.f4 Qh3 
19.Qd1 O-O-O 20.Qd2 Be4 21.fxe5 
Rxd2 0-1

[Event "HCL-B101"]
[Site "www.playchess.de"]
[Date "2001.02.19"]
[Round "16"]
[White "daphatmon"]
[Black "JABBERWOCKY"]
[WhiteElo "1582"]
[BlackElo "1346"]
[PlyCount "75"]
[Result "1-0"]

1.d4 d5 2.Nf3 Nc6 3.Bf4 Nf6 4.Nc3 e6 5.a3 Bd6 
6.Bg5 O-O 7.e4 dxe4 8.Nxe4 h6 9.Nxf6+ gxf6 10.Bxh6 
Re8 11.Qd3 f5 12.O-O-O f6 13.g4 Kf7 14.g5 Kg6 
15.h4 Bf4+ 16.Kb1 Ne7 17.h5+ Kf7 18.g6+ Kg8 
19.Bxf4 Kg7 20.Rg1 Nd5 21.h6+ Kh8 22.g7+ Kh7 
23.Bc1 Ne7 24.Nh4 Qd6 25.Qg3 Qxg3 26.Rxg3 f4 
27.Bd3+ f5 28.Bxf4 Rg8 29.Bg5 Nc6 30.Be2 a6 31.Bh5 
Rxg7 32.hxg7 Kxg7 33.Bf4+ Kf6 34.Be5+ Nxe5 
35.dxe5+ Ke7 36.Rg7+ Kf8 37.Rf7+ Ke8 
38.Rxc7+ 1-0

[Event "HCL-B101"]
[Site "www.playchess.de"]
[Date "2001.02.19"]
[Round "17"]
[White "jack-up"]
[Black "daphatmon"]
[WhiteElo "1424"]
[BlackElo "1582"]
[PlyCount "51"]
[Result "1-0"]

1.e4 e6 2.d4 d6 3.Nf3 Nf6 4.Nc3 Nbd7 5.Bc4 a6 6.e5 
Ng8 7.Ng5 Be7 8.h4 dxe5 9.Qf3 Ngf6 10.Bxe6 O-O 
11.Bxf7+ Rxf7 12.Ne6 Qe8 13.Nxc7 Qf8 14.Nxa8 Ne8 
15.Qg3 exd4 16.Ne4 Nc5 17.Ng5 Bd6 18.f4 Re7+ 
19.Kf1 Ne6 20.Bd2 Bxf4 21.Bxf4 Nxf4 22.Qb3+ Be6 
23.Nxe6 Nxe6+ 24.Kg1 Kh8 25.Rh3 Rf7 
26.Qxe6 1-0

[Event "HCL-B101"]
[Site "www.playchess.de"]
[Date "2001.02.19"]
[Round "19"]
[White "wiseguy"]
[Black "daphatmon"]
[WhiteElo "1964"]
[BlackElo "1582"]
[PlyCount "51"]
[Result "1-0"]

1.e4 e6 2.d4 d6 3.Nf3 Nd7 4.Bc4 a6 5.Bg5 Be7 6.Bf4 
Nb6 7.Bb3 d5 8.Nbd2 dxe4 9.Nxe4 Nd5 10.Bd2 Ngf6 
11.Ng3 Bd7 12.c4 Nb6 13.O-O c5 14.Be3 cxd4 15.Qxd4 
Nc8 16.Rad1 b6 17.Ne4 Nxe4 18.Qxe4 Nd6 19.Qd4 Nf5 
20.Qxb6 Qxb6 21.Bxb6 Bf6 22.Rd2 Bd8 23.Bxd8 Rxd8 
24.Ne5 f6 25.Nxd7 Rxd7 26.Ba4 1-0

[Event "HCL-B101"]
[Site "www.playchess.de"]
[Date "2001.02.19"]
[Round "21"]
[White "King_Safety"]
[Black "daphatmon"]
[WhiteElo "1295"]
[BlackElo "1582"]
[PlyCount "102"]
[Result "0-1"]

1.d4 d6 2.Nf3 Nf6 3.Bf4 e6 4.h3 Be7 5.e3 Nbd7 
6.Nbd2 d5 7.Bd3 c5 8.c3 c4 9.Bc2 O-O 10.O-O Re8 
11.Bg5 h6 12.Bxf6 Nxf6 13.Ne5 Nd7 14.Bh7+ Kxh7 
15.Nxf7 Qc7 16.Qc2+ Kg8 17.Qg6 Bg5 18.Nxh6+ Bxh6 
19.Qxe8+ Nf8 20.Qh5 Qf7 21.Qxf7+ Kxf7 22.Nf3 Nd7 
23.b3 b5 24.bxc4 bxc4 25.Nh2 Rb8 26.Rab1 Rxb1 
27.Rxb1 Bg5 28.Ng4 a5 29.Rb5 Bd8 30.Ne5+ Nxe5 
31.dxe5 Bd7 32.Rb7 Ke7 33.f4 Ke8 34.g3 Be7 35.Rb8+ 
Kf7 36.Ra8 a4 37.Kf2 Ba3 38.Ke2 Bc1 39.Ra7 Ke7 
40.g4 Ba3 41.h4 Bc5 42.h5 Bxa7 43.g5 Be8 44.h6 
gxh6 45.gxh6 Kf7 46.Kf3 Kg6 47.h7 Kxh7 48.Kg4 Bxe3 
49.Kg5 Kg7 50.Kg4 Kg6 51.Kf3 Bc1 0-1

[Event "HCL-B060"]
[Site "www.playchess.de"]
[Date "2001.02.19"]
[Round "1"]
[White "mrchess"]
[Black "KarlKoch"]
[WhiteElo "1588"]
[BlackElo "1200"]
[PlyCount "52"]
[Result "1/2-1/2"]

1.d4 d5 2.c4 e6 3.Nc3 Bb4 4.cxd5 Bxc3+ 5.bxc3 exd5 
6.Nf3 Bg4 7.e3 Nf6 8.Ba3 Ne4 9.Rb1 Nxc3 10.Qb3 
Nxb1 11.Qxb1 b6 12.Ne5 Be6 13.Bb5+ Bd7 14.Bxd7+ 
Nxd7 15.Qb5 c5 16.dxc5 a6 17.Qxd7+ Qxd7 18.Nxd7 
Kxd7 19.cxb6 Rab8 20.Ke2 Rxb6 21.Rd1 Ke6 22.Rd4 
Rc8 23.Rd2 Rbc6 24.Kd1 h5 25.Bb2 f6 26.f3 
Rb8 1/2-1/2

[Event "HCL-B060"]
[Site "www.playchess.de"]
[Date "2001.02.19"]
[Round "5"]
[White "cobango_00"]
[Black "KarlKoch"]
[WhiteElo "1200"]
[BlackElo "1200"]
[PlyCount "32"]
[Result "0-1"]

1.e4 e5 2.Nf3 d6 3.d4 exd4 4.Nxd4 Nf6 5.Nc3 Be7 
6.Bc4 O-O 7.O-O b6 8.Bd5 Nxd5 9.Nxd5 Bb7 10.Nxe7+ 
Qxe7 11.Re1 Re8 12.f3 Nd7 13.Nb5 Nf6 14.Bg5 d5 
15.exd5 Qc5+ 16.Nd4 Rxe1+ 0-1

[Event "HCL-B060"]
[Site "www.playchess.de"]
[Date "2001.02.19"]
[Round "11"]
[White "mrchess"]
[Black "jabbaman"]
[WhiteElo "1588"]
[BlackElo "1232"]
[PlyCount "56"]
[Result "0-1"]

1.d4 g6 2.c4 Bg7 3.Nc3 e5 4.dxe5 Nc6 5.e4 Nxe5 
6.Bf4 Nxc4 7.Bxc4 Nf6 8.Qb3 O-O 9.Bg5 Qe8 10.Qc2 
d5 11.Bd3 Nxe4 12.Nxe4 dxe4 13.Be2 Bf5 14.Be3 Qe5 
15.Rb1 Rad8 16.Bc4 b5 17.Bb3 a5 18.a3 Rd3 19.Ne2 
Rfd8 20.O-O c5 21.Qc4 bxc4 22.Bxc4 Qc7 23.Bxd3 
exd3 24.Nc3 d2 25.Rba1 Bxc3 26.bxc3 Bc2 27.Rfd1 
Bxd1 28.Rxd1 Qe5 0-1

[Event "HCL-B060"]
[Site "www.playchess.de"]
[Date "2001.02.19"]
[Round "14"]
[White "jabbaman"]
[Black "cobango_00"]
[WhiteElo "1232"]
[BlackElo "1200"]
[PlyCount "52"]
[Result "1/2-1/2"]

1.e4 c5 2.Nf3 Nc6 3.Bc4 Nf6 4.Nc3 e6 5.d4 d5 
6.exd5 exd5 7.Qe2+ Be6 8.Bb5 Be7 9.Ne5 Qc7 10.Bf4 
O-O 11.Ng6 Qa5 12.Nxf8 Nxd4 13.Qd2 Nxb5 14.Nxb5 
Qxb5 15.Nxe6 fxe6 16.Qe2 Qxe2+ 17.Kxe2 b5 18.f3 d4 
19.Rhe1 Nd5 20.Bd2 Bd6 21.h4 Bg3 22.Reh1 Nf4+ 
23.Bxf4 Bxf4 24.g4 Kf7 25.c3 Rd8 26.Rad1 
e5 1/2-1/2

[Event "HCL-B060"]
[Site "www.playchess.de"]
[Date "2001.02.19"]
[Round "16"]
[White "paule"]
[Black "mrchess"]
[WhiteElo "1604"]
[BlackElo "1588"]
[PlyCount "55"]
[Result "1-0"]

1.e4 d6 2.d4 Nd7 3.f4 Ngf6 4.Nc3 e5 5.Nf3 c6 
6.dxe5 dxe5 7.fxe5 Ng4 8.e6 Nde5 9.Qxd8+ Kxd8 
10.exf7 Nxf7 11.h3 Nge5 12.Bf4 Nxf3+ 13.gxf3 Be7 
14.O-O-O+ Ke8 15.h4 Be6 16.Be3 Bf6 17.Bh3 Bxh3 
18.Rxh3 b6 19.f4 g6 20.e5 Be7 21.Ne4 Nh6 22.h5 
gxh5 23.Rxh5 Nf7 24.e6 Nd8 25.f5 Nb7 26.Rd7 Nc5 
27.Bxc5 bxc5 28.f6 1-0

[Event "HCL-B060"]
[Site "www.playchess.de"]
[Date "2001.02.19"]
[Round "17"]
[White "KarlKoch"]
[Black "paule"]
[WhiteElo "1200"]
[BlackElo "1604"]
[PlyCount "58"]
[Result "1/2-1/2"]

1.d4 c5 2.Nf3 e6 3.e3 Nf6 4.Bd3 b6 5.O-O Bb7 6.b3 
Be7 7.Bb2 O-O 8.Nbd2 Qc7 9.dxc5 bxc5 10.c4 d6 
11.Qc2 Nbd7 12.Ng5 h6 13.Nge4 Rab8 14.Nxf6+ Bxf6 
15.Ne4 Bxb2 16.Qxb2 Ne5 17.Bc2 Nxc4 18.Qc3 Na3 
19.Bd3 Nb5 20.Qb2 Qc6 21.f3 f5 22.Bxb5 Qxb5 
23.Nxd6 Qd3 24.Nc4 Bxf3 25.Rxf3 Qxc4 26.Rg3 Rf7 
27.Qe5 Qb5 28.Qxe6 Rb6 29.Qd5 Qc6 1/2-1/2

[Event "HCL-B060"]
[Site "www.playchess.de"]
[Date "2001.02.19"]
[Round "19"]
[White "cobango_00"]
[Black "paule"]
[WhiteElo "1200"]
[BlackElo "1604"]
[PlyCount "48"]
[Result "0-1"]

1.Nf3 Nf6 2.d4 e6 3.g3 c5 4.Bg2 Nc6 5.O-O d5 6.Bg5 
Qb6 7.b3 Nxd4 8.Nxd4 cxd4 9.e3 dxe3 10.Bxe3 Bc5 
11.Bxc5 Qxc5 12.Re1 O-O 13.Qd3 b5 14.Nc3 Bd7 15.a4 
Rfc8 16.Nxb5 Qxc2 17.Qxc2 Rxc2 18.Rac1 Rd2 19.Nd6 
Rb8 20.Rc7 Rb6 21.Rec1 Rxd6 22.R7c8+ Ne8 23.Rd8 
Kf8 24.Rc7 Ke7 0-1

[Event "HCL-B060"]
[Site "www.playchess.de"]
[Date "2001.02.19"]
[Round "21"]
[White "jabbaman"]
[Black "paule"]
[WhiteElo "1232"]
[BlackElo "1604"]
[PlyCount "50"]
[Result "0-1"]

1.e4 e6 2.d4 d5 3.exd5 exd5 4.Nf3 Bd6 5.Bd3 Bg4 
6.h3 Bh5 7.Nc3 Ne7 8.Bg5 h6 9.Bh4 c6 10.Qe2 O-O 
11.g4 Bg6 12.Bxg6 fxg6 13.Ne5 g5 14.Bg3 Re8 
15.O-O-O Ng6 16.Rde1 Bxe5 17.dxe5 Nd7 18.e6 Nc5 
19.Nd1 Rxe6 20.Ne3 Qa5 21.a3 Rae8 22.Qd1 b5 23.c3 
Qb6 24.Nf5 R6xe1 25.Rxe1 Rxe1 0-1

[Event "HCL-B060"]
[Site "www.playchess.de"]
[Date "2001.02.19"]
[Round "22"]
[White "mrchess"]
[Black "lucius"]
[WhiteElo "1588"]
[BlackElo "1200"]
[PlyCount "27"]
[Result "1-0"]

1.d4 Nf6 2.c4 e6 3.Nc3 Be7 4.e4 d5 5.cxd5 exd5 
6.e5 Ne4 7.Nf3 Bg4 8.Be2 Nc6 9.Be3 Bb4 10.Qc2 O-O 
11.O-O f5 12.Nxd5 Bxf3 13.gxf3 Qxd5 
14.Bc4 1-0

[Event "HCL-B060"]
[Site "www.playchess.de"]
[Date "2001.02.19"]
[Round "25"]
[White "lucius"]
[Black "cobango_00"]
[WhiteElo "1200"]
[BlackElo "1200"]
[PlyCount "21"]
[Result "1-0"]

1.Nf3 Nf6 2.b3 g6 3.Bb2 Bg7 4.e3 O-O 5.Bc4 d5 
6.Bb5 a6 7.Be2 Nc6 8.O-O Qd6 9.Ba3 Qe6 10.d4 Bd7 
11.Nbd2 1-0

[Event "HCL-B060"]
[Site "www.playchess.de"]
[Date "2001.02.19"]
[Round "27"]
[White "lucius"]
[Black "jabbaman"]
[WhiteElo "1200"]
[BlackElo "1232"]
[PlyCount "38"]
[Result "0-1"]

1.d4 g6 2.e4 Bg7 3.Nf3 d6 4.Bf4 Bg4 5.Be2 Nd7 
6.O-O Ngf6 7.h3 Bxf3 8.Bxf3 c5 9.e5 dxe5 10.dxe5 
Ng8 11.Nc3 e6 12.Qd6 Ne7 13.Nb5 O-O 14.Rad1 Nb6 
15.Bg5 Qxd6 16.exd6 Ned5 17.Nc7 Bxb2 18.Nxa8 Rxa8 
19.Bxd5 exd5 0-1

[Event "HCL-B060"]
[Site "www.playchess.de"]
[Date "2001.02.19"]
[Round "30"]
[White "KarlKoch"]
[Black "Pelikan"]
[WhiteElo "1200"]
[BlackElo "1228"]
[PlyCount "40"]
[Result "0-1"]

1.c4 e5 2.e4 Nf6 3.d3 Bc5 4.Bg5 h6 5.Bh4 g5 6.Bg3 
d6 7.Be2 h5 8.h4 g4 9.Nc3 a6 10.f3 Nc6 11.f4 exf4 
12.Bxf4 Qe7 13.Bg5 Be6 14.Qd2 Rg8 15.a3 Rg6 
16.O-O-O Qd7 17.Bf1 Nd4 18.Qf4 Ng8 19.Na4 Qxa4 
20.Ne2 Qc2+ 0-1

[Event "HCL-C071"]
[Site "www.playchess.de"]
[Date "2001.02.19"]
[Round "1"]
[White "GaryG"]
[Black "guerino"]
[WhiteElo "1453"]
[BlackElo "800"]
[PlyCount "35"]
[Result "1-0"]

1.e4 c5 2.Nc3 Nc6 3.Nf3 d6 4.d4 cxd4 5.Nxd4 Nxd4 
6.Qxd4 Nf6 7.Bb5+ Bd7 8.Bxd7+ Qxd7 9.Be3 e6 10.Rd1 
Be7 11.O-O O-O 12.e5 Ne8 13.exd6 Nxd6 14.Bf4 Rfd8 
15.Ne4 Qb5 16.Bxd6 Bxd6 17.Nxd6 Rd7 
18.Nxb5 1-0

[Event "HCL-C071"]
[Site "www.playchess.de"]
[Date "2001.02.19"]
[Round "8"]
[White "guerino"]
[Black "Mohrni"]
[WhiteElo "800"]
[BlackElo "1201"]
[PlyCount "27"]
[Result "1-0"]

1.e4 e5 2.Nf3 Nc6 3.Bb5 Nf6 4.O-O Nxe4 5.d4 exd4 
6.Re1 d5 7.Qxd4 Be7 8.Qxg7 Bf6 9.Qh6 Bd7 10.Bg5 
Bxg5 11.Nxg5 Ne7 12.Bxd7+ Qxd7 13.f3 Nf5 
14.Qf6 1-0

[Event "HCL-C071"]
[Site "www.playchess.de"]
[Date "2001.02.19"]
[Round "11"]
[White "GaryG"]
[Black "kablea"]
[WhiteElo "1453"]
[BlackElo "1000"]
[PlyCount "21"]
[Result "1-0"]

1.e4 c5 2.Nf3 d6 3.d4 cxd4 4.Nxd4 Nf6 5.Nc3 Nc6 
6.Bg5 Bd7 7.Bc4 Qa5 8.Bxf6 gxf6 9.Nb3 Qg5 10.g3 f5 
11.e5 1-0

[Event "HCL-C071"]
[Site "www.playchess.de"]
[Date "2001.02.19"]
[Round "12"]
[White "kablea"]
[Black "guerino"]
[WhiteElo "1000"]
[BlackElo "800"]
[PlyCount "26"]
[Result "0-1"]

1.d4 d5 2.c4 e6 3.Nc3 c6 4.Nf3 Nf6 5.e3 Nbd7 6.Bd3 
dxc4 7.Bxc4 b5 8.Bd3 a6 9.a4 b4 10.Ne4 Bb7 
11.Nxf6+ Nxf6 12.O-O Be7 13.Re1 
a5 0-1

[Event "HCL-C071"]
[Site "www.playchess.de"]
[Date "2001.02.19"]
[Round "26"]
[White "Mohrni"]
[Black "Silver_Fox"]
[WhiteElo "1201"]
[BlackElo "1000"]
[PlyCount "58"]
[Result "0-1"]

1.e4 d6 2.Bc4 Nf6 3.Nc3 Nbd7 4.d3 g6 5.Nf3 Bg7 
6.Ng5 Ne5 7.Bb3 h6 8.Nf3 Bg4 9.Be3 O-O 10.d4 Nxf3+ 
11.gxf3 Bh5 12.Bc4 e5 13.dxe5 dxe5 14.Be2 g5 15.h3 
Qe7 16.Nb5 c6 17.Nxa7 Qb4+ 18.c3 Qxb2 19.Bc5 Qxc3+ 
20.Kf1 Qxc5 21.Nxc6 Qxc6 22.Qb3 Nxe4 23.fxe4 Bxe2+ 
24.Kxe2 Qxe4+ 25.Kd2 Rfd8+ 26.Kc3 Rac8+ 27.Kb2 
Rd2+ 28.Ka3 Ra8+ 29.Qa4 Qxa4+ 0-1

[Event "HCL-C071"]
[Site "www.playchess.de"]
[Date "2001.02.19"]
[Round "27"]
[White "Silver_Fox"]
[Black "kablea"]
[WhiteElo "1000"]
[BlackElo "1000"]
[PlyCount "25"]
[Result "1-0"]

1.e4 c5 2.Nf3 d6 3.d4 cxd4 4.Nxd4 Nf6 5.Nc3 Nc6 
6.f3 a6 7.Be3 e5 8.Nb3 Qc7 9.Qd2 Be6 10.g4 d5 
11.exd5 Rd8 12.Qf2 Nxd5 13.Nxd5 1-0